| 000 | 00877cam a22002771 4500 | ||
|---|---|---|---|
| 001 | gs 65000134 | ||
| 003 | DLC | ||
| 005 | 20260227111416.0 | ||
| 008 | 790611s1965 nyua 000 0 eng | ||
| 010 | _ags 65000134 | ||
| 035 | _a(OCoLC)5055641 | ||
| 040 |
_aDLC _cNIC _dAkU _dDLC |
||
| 042 | _apremarc | ||
| 043 | _an------ | ||
| 050 | 0 | 0 |
_aQE783.C3 _bP3 |
| 082 | _a563.9 | ||
| 100 | 1 | _aParsley, Ronald L. | |
| 245 | 1 | 0 |
_aNorth American Soluta _b(Carpoidea, Echinodermata) _cby Ronald L. Parsley and Kenneth E. Caster. |
| 260 |
_aIthaca, N.Y., _bPaleontological Research Institution, _c1965. |
||
| 300 |
_a110-174 p. _billus. _c23 cm. |
||
| 440 | 0 |
_aBulletins of American paleontology, _vv. 49, no. 221 |
|
| 650 | 0 | _aSoluta. | |
| 650 | 0 |
_aPaleontology _yPaleozoic. |
|
| 650 | 0 |
_aPaleontology _zNorth America. |
|
| 700 | 1 |
_aCaster, Kenneth Edward, _d1908- _ejoint author. |
|
| 999 |
_c29989 _d29989 |
||